[Event "56th Biel Master Open"]
[Site "Biel SUI"]
[Date "2023.07.24"]
[Round "7.40"]
[White "Prieb, Robert"]
[Black "Jaksland, Tim"]
[Result "1-0"]
[WhiteTitle "CM"]
[BlackTitle "FM"]
[WhiteElo "2060"]
[BlackElo "2136"]
[WhiteFideId "16212002"]
[BlackFideId "1401084"]
[EventDate "2023.07.17"]

1. d4 Nf6 2. c4 e6 3. Nf3 d5 4. Nc3 Bb4 5. Qa4+ Nc6 6. e3 O-O 7. Bd2 dxc4 8.
Bxc4 Bd6 9. O-O e5 10. d5 Ne7 11. Qc2 Ng6 12. Kh1 a6 13. a3 h6 14. Bd3 Ne7 15.
e4 Ng6 16. b4 Nh5 17. Ne2 Bd7 18. a4 Qe7 19. Rab1 Qf6 20. Be3 b6 21. Rfe1 Nhf4
22. Nxf4 Nxf4 23. Bxf4 Qxf4 24. a5 b5 25. Qd2 Qxd2 26. Nxd2 c5 27. dxc6 Bxc6 28.
Nf1 Rfd8 29. Red1 Be7 30. Ne3 Rd4 31. Nf5 Rd7 32. Bxb5 Rxd1+ 33. Rxd1 Bxb5 34.
Nxe7+ Kf8 35. Nf5 Rc8 36. h3 h5 37. Rd5 f6 38. Nd6 Rc1+ 39. Kh2 Bf1 40. Rc5 Rb1
41. Rc8+ Ke7 42. Nf5+ Kd7 43. Rg8 g5 44. Rg6 Rxb4 45. Rxf6 Bb5 46. f3 Ra4 47.
Rd6+ Kc7 48. Rd5 Rxa5 49. Rxe5 g4 50. fxg4 hxg4 51. h4 Bd3 52. h5 Bxe4 53. h6
g3+ 54. Kxg3 1-0

[Event "56th Biel Master Open"]
[Site "Biel SUI"]
[Date "2023.07.26"]
[Round "9.2"]
[White "Aryan, Chopra"]
[Black "Samant, Aditya S"]
[Result "1-0"]
[WhiteTitle "GM"]
[BlackTitle "IM"]
[WhiteElo "2626"]
[BlackElo "2510"]
[WhiteFideId "5084423"]
[BlackFideId "35080580"]
[EventDate "2023.07.17"]

1. e4 c5 2. Nf3 d6 3. d4 cxd4 4. Nxd4 Nf6 5. Nc3 Nc6 6. Bg5 e6 7. Qd2 a6 8.
O-O-O Bd7 9. f4 b5 10. Bxf6 gxf6 11. Kb1 Qb6 12. f5 Qxd4 13. Qxd4 Nxd4 14. Rxd4
Rb8 15. Be2 Rb6 16. a4 Bh6 17. axb5 axb5 18. Bxb5 Bxb5 19. Rb4 Kd7 20. Rxb5 Rxb5
21. Nxb5 Bf4 22. Nd4 h5 23. Nf3 h4 24. Re1 Rh5 25. c3 Be5 26. fxe6+ fxe6 27. Kc2
Rh8 28. Kd3 Rg8 29. Re2 Ra8 30. b4 Ra1 31. h3 Bg3 32. Rb2 Rd1+ 33. Kc2 Ra1 34.
b5 Kc7 35. Nd4 Kd7 36. b6 Ra8 37. Kd3 Rb8 38. Kc4 Re8 39. Kb4 Be1 40. Rb3 e5 41.
Nf5 Rb8 42. Kc4 Bf2 43. b7 Kc7 44. Kd5 Bb6 45. c4 Rd8 46. b8=Q+ Rxb8 47. Nxd6
Rd8 1-0

[Event "56th Biel Master Open"]
[Site "Biel SUI"]
[Date "2023.07.26"]
[Round "9.11"]
[White "Muthaiah, AL"]
[Black "Nie, Xinyang"]
[Result "1/2-1/2"]
[WhiteTitle "IM"]
[WhiteElo "2445"]
[BlackElo "2288"]
[WhiteFideId "5092442"]
[BlackFideId "8607222"]
[EventDate "2023.07.17"]

1. d4 d5 2. c4 c6 3. cxd5 cxd5 4. Nc3 Nf6 5. Bf4 Nc6 6. e3 Bf5 7. Rc1 a6 8. Nf3
Rc8 9. Be2 e6 10. O-O Bd6 11. Bxd6 Qxd6 12. Na4 Nd7 13. Qb3 Rc7 14. Nc5 Nxc5 15.
Rxc5 O-O 16. Rfc1 Bg4 17. Qb6 Rd7 18. Kh1 Bxf3 19. Bxf3 Qe7 20. Be2 Rd6 21. Qb3
Ra8 22. g3 g6 23. Kg2 Rd7 24. a4 Qd8 25. Qc3 Ne7 26. Bd3 Nf5 27. Bxf5 gxf5 28.
b4 Kg7 29. Rc8 Rxc8 30. Qxc8 Qxc8 31. Rxc8 Rd6 32. a5 Rc6 33. Rxc6 bxc6 34. Kf3
f6 35. Kf4 Kg6 36. f3 h6 37. h3 h5 38. e4 fxe4 39. fxe4 dxe4 40. Kxe4 Kf7 41.
Kf4 Ke7 42. Kf3 Kf7 43. Ke3 Ke7 44. Kf3 Kf7 45. Ke4 1/2-1/2

[Event "56th Biel Master Open"]
[Site "Biel SUI"]
[Date "2023.07.26"]
[Round "9.13"]
[White "Joly, Julien"]
[Black "Seul, Georg"]
[Result "0-1"]
[BlackTitle "IM"]
[WhiteElo "2249"]
[BlackElo "2376"]
[WhiteFideId "26082284"]
[BlackFideId "4601653"]
[EventDate "2023.07.17"]

1. d4 Nf6 2. c4 e6 3. g3 Bb4+ 4. Bd2 c5 5. Bxb4 cxb4 6. Bg2 O-O 7. e3 d6 8. Ne2
Nc6 9. O-O e5 10. h3 Re8 11. a3 Qb6 12. axb4 Nxb4 13. Na3 Bf5 14. c5 dxc5 15.
dxe5 Rad8 16. Qa4 Bd3 17. Nf4 Bxf1 18. Rxf1 Nd7 19. Nc4 Qa6 20. Qxa6 bxa6 21. e6
fxe6 22. Nd6 Re7 23. Rc1 Nb6 24. Nb7 Rc8 25. Nd6 Rcc7 26. e4 c4 27. Bf1 e5 28.
Ng2 Red7 29. Nf5 Nd3 30. Rb1 Na4 31. Nge3 Naxb2 32. Nd5 Rb7 33. Ra1 Nb4 34. Nxb4
Rxb4 35. Rxa6 Rc7 36. Ne3 c3 37. Nc2 Rd4 38. Ra1 Rd1 39. Rxd1 Nxd1 40. Be2 Nb2
41. f4 Rd7 0-1

[Event "56th Biel Master Open"]
[Site "Biel SUI"]
[Date "2023.07.26"]
[Round "9.14"]
[White "Wessman, Richard"]
[Black "Yuffa, Daniil"]
[Result "0-1"]
[WhiteTitle "IM"]
[BlackTitle "GM"]
[WhiteElo "2410"]
[BlackElo "2603"]
[WhiteFideId "1700049"]
[BlackFideId "24131423"]
[EventDate "2023.07.17"]

1. d4 Nf6 2. c4 g6 3. Nc3 Bg7 4. g3 c5 5. dxc5 Qa5 6. Bg2 Qxc5 7. Be3 Qa5 8. Nh3
Nc6 9. O-O O-O 10. Nf4 d6 11. a3 Bf5 12. b4 Qd8 13. Rc1 Qd7 14. Qa4 Ng4 15. Bd2
a5 16. b5 Nd4 17. h3 Ne5 18. Be3 Bc2 19. Rxc2 Nxc2 20. Qxc2 Nxc4 21. Bc1 Rfc8
22. Qe4 Bxc3 23. Qxb7 Ra7 24. Qxd7 Rxd7 25. Bc6 Ra7 26. Nd5 Bd4 27. Bg5 Kf8 28.
Bh6+ Bg7 29. Bxg7+ Kxg7 30. Rc1 Ne5 31. b6 Rb7 32. Bxb7 Rxc1+ 33. Kg2 e6 0-1

[Event "56th Biel Master Open"]
[Site "Biel SUI"]
[Date "2023.07.26"]
[Round "9.19"]
[White "Karthik, Rajaa"]
[Black "Materia, Marco"]
[Result "1/2-1/2"]
[WhiteTitle "FM"]
[BlackTitle "IM"]
[WhiteElo "2276"]
[BlackElo "2436"]
[WhiteFideId "25035215"]
[BlackFideId "45150451"]
[EventDate "2023.07.17"]

1. d4 Nf6 2. c4 e6 3. Nf3 d5 4. g3 Be7 5. Bg2 O-O 6. O-O c6 7. Qc2 b6 8. Nbd2 c5
9. e4 Nc6 10. e5 Nd7 11. a3 Bb7 12. cxd5 exd5 13. Re1 Rc8 14. Bh3 cxd4 15. Qb1
f6 16. exf6 Bxf6 17. b4 d3 18. Bb2 Rc7 19. Bxf6 Qxf6 20. Re6 Qc3 21. Qe1 Nd8 22.
Re7 Nf6 23. Rxc7 Qxc7 24. Rc1 Qd6 25. Qe3 Ne4 26. Bg2 Nxd2 27. Nxd2 Qf6 28. f4
Qg6 29. Nf3 Qe4 30. Qd2 Nf7 31. Re1 Qc4 32. Rc1 Qe4 33. Re1 Qc4 34. Rc1 Qe4 1/2-1/2

[Event "56th Biel Master Open"]
[Site "Biel SUI"]
[Date "2023.07.26"]
[Round "9.20"]
[White "Rohith, Krishna S"]
[Black "Lohia, Sohum"]
[Result "1-0"]
[WhiteTitle "IM"]
[BlackTitle "CM"]
[WhiteElo "2429"]
[BlackElo "2247"]
[WhiteFideId "46617051"]
[BlackFideId "5819369"]
[EventDate "2023.07.17"]

1. Nf3 Nf6 2. g3 e6 3. Bg2 d5 4. O-O Be7 5. d3 c5 6. Nbd2 Nc6 7. e4 O-O 8. Re1
Qc7 9. e5 Nd7 10. Qe2 b5 11. Nf1 Bb7 12. h4 Rfc8 13. Bf4 a5 14. N1h2 Qd8 15. c3
a4 16. a3 d4 17. cxd4 cxd4 18. Ng5 h6 19. Ne4 Bf8 20. Qh5 Qe8 21. Qe2 Qd8 22.
Ng4 Na5 23. Bxh6 Bxe4 24. Bg5 Be7 25. Bxe7 Qxe7 26. Bxe4 Ra7 27. Rac1 Rac7 28.
Rxc7 Rxc7 29. Qd2 Nb3 30. Qf4 Rc2 31. h5 Rxb2 32. Bc6 Nbc5 33. Qxd4 Rb3 34. Bxd7
Nxd7 35. Rc1 Nf8 36. h6 Qxa3 37. Rc8 Rb1+ 38. Kh2 Qb4 39. Qxb4 Rxb4 40. Rxf8+
Kh7 41. f4 a3 42. Rxf7 a2 43. Rxg7+ Kh8 44. Nf6 a1=Q 45. Rg8# 1-0

[Event "56th Biel Master Open"]
[Site "Biel SUI"]
[Date "2023.07.26"]
[Round "9.22"]
[White "Sutter, Oliver"]
[Black "Licznerski, Lukasz"]
[Result "1/2-1/2"]
[WhiteTitle "FM"]
[BlackTitle "IM"]
[WhiteElo "2313"]
[BlackElo "2430"]
[WhiteFideId "1300474"]
[BlackFideId "1179250"]
[EventDate "2023.07.17"]

1. d4 Nf6 2. Nf3 g6 3. Bg5 Bg7 4. Nbd2 h6 5. Bh4 d6 6. c3 b6 7. e4 g5 8. Bg3 Bb7
9. Bd3 Nh5 10. Qe2 e6 11. O-O-O Nd7 12. Ba6 Qc8 13. Bxb7 Qxb7 14. Kb1 b5 15. e5
d5 16. Nb3 a5 17. Nc5 Nxc5 18. dxc5 Bf8 19. c6 Qxc6 20. Nd4 Nxg3 21. fxg3 Qb6
22. Rhf1 Bg7 23. Qh5 O-O 24. h4 b4 25. hxg5 bxc3 26. Rf2 Bxe5 27. gxh6 Bxd4 28.
Qg4+ Kh8 29. Rxd4 Rg8 30. Qf4 f5 31. g4 Raf8 32. Qe5+ Kh7 33. Rdf4 cxb2 34. gxf5
Rg5 35. Re2 Qg1+ 36. Kxb2 Qb6+ 37. Kc1 Qg1+ 38. Kb2 Qb6+ 39. Kc1 Qg1+ 40. Kb2 1/2-1/2

[Event "56th Biel Master Open"]
[Site "Biel SUI"]
[Date "2023.07.26"]
[Round "9.23"]
[White "Jinan, Jomon"]
[Black "Ermitsch, Magnus"]
[Result "1-0"]
[BlackTitle "FM"]
[WhiteElo "2409"]
[BlackElo "2232"]
[WhiteFideId "35002511"]
[BlackFideId "16234464"]
[EventDate "2023.07.17"]

1. c4 c6 2. Nf3 d5 3. e3 Nf6 4. Nc3 e6 5. b3 Nbd7 6. d4 Bb4 7. Bd2 O-O 8. Be2 b6
9. O-O Qe7 10. Qc2 Bb7 11. Rad1 Rac8 12. Qb2 Rfd8 13. Rfe1 c5 14. cxd5 cxd4 15.
Nxd4 exd5 16. Nb1 g6 17. Bxb4 Qxb4 18. Nd2 Qe7 19. Bf1 Ne4 20. Nxe4 dxe4 21. Nb5
Ra8 22. Rd4 Nc5 23. Red1 Nd3 24. Qd2 Qg5 25. Nd6 Bc6 26. Bxd3 exd3 27. f4 Qg4
28. Rxd3 Rd7 29. h3 Qe6 30. Qc3 Rc7 31. Ne4 Rcc8 32. Nf6+ Kf8 33. Nxh7+ Kg8 34.
Nf6+ Kf8 35. Nh7+ Kg8 36. Ng5 Qe7 37. Qd4 Re8 38. Qd6 Qb7 39. Qf6 Rf8 40. R1d2
Rac8 41. Rd6 Bb5 42. Kh2 Rc1 43. Rd8 Be8 44. Qe5 Qc6 45. Ne4 1-0

[Event "56th Biel Master Open"]
[Site "Biel SUI"]
[Date "2023.07.26"]
[Round "9.24"]
[White "Ajay Krishna, S"]
[Black "Wang, Chuqiao"]
[Result "1-0"]
[WhiteTitle "IM"]
[WhiteElo "2390"]
[BlackElo "2161"]
[WhiteFideId "5096430"]
[BlackFideId "8631638"]
[EventDate "2023.07.17"]

1. Nf3 Nf6 2. c4 e6 3. g3 d5 4. Bg2 c5 5. cxd5 exd5 6. d4 Nc6 7. O-O Be7 8. Nc3
O-O 9. dxc5 Bxc5 10. a3 a5 11. Bg5 d4 12. Ne4 Be7 13. Bxf6 Bxf6 14. Rc1 Re8 15.
Ne1 Qe7 16. Nd3 Rb8 17. Nf4 Qd8 18. Qb3 Be5 19. Nd5 Bd6 20. Qb5 Be6 21. Nxd6
Qxd6 22. Nf4 Bd7 23. Rfe1 Rec8 24. Qb6 Be8 25. Red1 Qd8 26. Qb3 Qe7 27. Qb5 Rd8
28. Qc5 Kf8 29. Qh5 Kg8 30. Qc5 Kf8 31. Qf5 Kg8 32. Nd5 Qd7 33. Qg5 Qd6 34. e3
dxe3 35. Nxe3 Qg6 36. Qf4 h6 37. h4 Qe6 38. Qc7 Rd7 39. Rxd7 Bxd7 40. Rxc6 1-0

[Event "56th Biel Master Open"]
[Site "Biel SUI"]
[Date "2023.07.26"]
[Round "9.30"]
[White "Vincenti, Leonardo"]
[Black "Abdulrahman Mohammad, Al Taher"]
[Result "1/2-1/2"]
[BlackTitle "FM"]
[WhiteElo "2117"]
[BlackElo "2258"]
[WhiteFideId "28550820"]
[BlackFideId "9310258"]
[EventDate "2023.07.17"]

1. e4 c5 2. Nf3 d6 3. Bb5+ Nd7 4. Ba4 Nf6 5. O-O a6 6. c4 g6 7. Nc3 Bg7 8. d3
O-O 9. h3 Rb8 10. Rb1 Ne8 11. d4 Nc7 12. Bxd7 Bxd7 13. dxc5 dxc5 14. Bf4 Rc8 15.
Ne5 Bc6 16. Qxd8 Rfxd8 17. Nxc6 bxc6 18. Bxc7 Rxc7 19. Rfd1 Rcd7 20. Rxd7 Rxd7
21. Na4 Rd4 22. b3 Rd2 23. Nxc5 Bd4 24. Nxa6 Rxa2 25. Nb4 Rxf2 26. Kh1 c5 27.
Nc6 e5 28. b4 cxb4 29. Nxd4 exd4 30. Rxb4 d3 31. Rb8+ Kg7 32. Rd8 d2 33. Kh2 Re2
34. e5 Re4 35. Rxd2 Rxc4 1/2-1/2

[Event "56th Biel Master Open"]
[Site "Biel SUI"]
[Date "2023.07.26"]
[Round "9.32"]
[White "Frey, Fabian"]
[Black "Ehsani, Yassamin"]
[Result "1/2-1/2"]
[BlackTitle "WFM"]
[WhiteElo "2230"]
[BlackElo "2106"]
[WhiteFideId "1336487"]
[BlackFideId "30910765"]
[EventDate "2023.07.17"]

1. e4 e6 2. d4 d5 3. Nc3 Bb4 4. e5 c5 5. a3 Bxc3+ 6. bxc3 Nc6 7. Qg4 g6 8. h4 h6
9. h5 g5 10. f4 f5 11. Qg3 g4 12. dxc5 Qa5 13. Rb1 Nge7 14. Rb5 Qc7 15. Be3 Bd7
16. Bd3 Na5 17. Rb1 Rb8 18. Ne2 b6 19. cxb6 axb6 20. O-O O-O 21. Qf2 Nc8 22. Rb4
Nc6 23. Rb2 Qa7 24. Ra1 Qa5 25. a4 N6a7 26. c4 dxc4 27. Bxc4 b5 28. Rab1 Rf7 29.
Nd4 bxc4 30. Rxb8 Qxa4 31. Nxf5 Rxf5 32. Bxa7 Rxh5 33. Qc5 Kf7 34. R8b7 Kg6 35.
Qf8 Rf5 36. Qg8+ Kh5 37. Bf2 Qxc2 38. Rxd7 Qxb1+ 39. Kh2 Rxf4 40. Be3 Rf1 41.
Qe8+ Qg6 42. Qxg6+ Kxg6 43. Rc7 Rf8 44. Rxc4 h5 45. Bc5 Rf1 46. Kg3 Kf5 47. Bd4
Ne7 48. Rc7 Rd1 49. Rxe7 Rxd4 50. Rh7 Rd3+ 51. Kh2 Kxe5 52. Rxh5+ Kf4 53. Rh8 e5
54. Rf8+ Ke3 55. Kg3 Rd2 56. Rg8 e4 57. Rxg4 Kd3 58. Rg8 e3 59. Rd8+ Ke2 60. Re8
Rd7 61. Kf4 Kf2 62. g4 e2 63. g5 e1=Q 64. Rxe1 Kxe1 65. g6 1/2-1/2

[Event "56th Biel Master Open"]
[Site "Biel SUI"]
[Date "2023.07.26"]
[Round "9.34"]
[White "Matta, Vinay Kumar"]
[Black "Kamber, Bruno"]
[Result "1-0"]
[WhiteTitle "FM"]
[BlackTitle "FM"]
[WhiteElo "2111"]
[BlackElo "2214"]
[WhiteFideId "5016649"]
[BlackFideId "1300504"]
[EventDate "2023.07.17"]

1. e4 c5 2. Nf3 a6 3. Nc3 Nc6 4. d4 cxd4 5. Nxd4 e6 6. Bf4 d6 7. Bg3 Nf6 8. Nxc6
bxc6 9. e5 Nd5 10. exd6 Bxd6 11. Qf3 Rb8 12. Ne4 Qa5+ 13. c3 Bc7 14. b4 Nxb4 15.
Bxc7 Qxc7 16. cxb4 Qe5 17. O-O-O Qa1+ 18. Kd2 Qxa2+ 19. Ke1 O-O 20. Qc3 Qa4 21.
Rb1 Qa2 22. Ra1 Qd5 23. f3 Rd8 24. Be2 Qd4 25. Qxd4 Rxd4 26. Kf2 f5 27. Nc5
Rbxb4 28. Nxa6 Rb2 29. Nc5 Rdd2 30. Rhe1 Rd5 31. Na4 Rb4 32. Reb1 Rxb1 33. Rxb1
Ra5 34. Rb8 Rxa4 35. Rxc8+ Kf7 36. Rxc6 Ra2 37. Ke3 f4+ 38. Kd3 Ra3+ 39. Kd2 Re3
40. Rc4 g5 41. Rc7+ Kg8 42. Bc4 Kh8 43. Bd3 g4 44. fxg4 e5 45. Rxh7+ Kg8 46. Rh3 1-0

[Event "56th Biel Master Open"]
[Site "Biel SUI"]
[Date "2023.07.26"]
[Round "9.35"]
[White "Ouellet, Maili-Jade"]
[Black "Akshit, Kumar J"]
[Result "0-1"]
[WhiteTitle "WGM"]
[WhiteElo "2201"]
[BlackElo "2105"]
[WhiteFideId "2620472"]
[BlackFideId "25097431"]
[EventDate "2023.07.17"]

1. d4 d5 2. c4 c6 3. Nf3 Nf6 4. Nc3 e6 5. Bg5 Nbd7 6. cxd5 exd5 7. e3 h6 8. Bh4
g5 9. Bg3 Nh5 10. Bd3 Nxg3 11. hxg3 Bg7 12. Nd2 Nb6 13. g4 Qe7 14. Qe2 Be6 15.
Rc1 O-O-O 16. Nf1 Qd7 17. Ng3 Bxg4 18. Qxg4 Qxg4 19. Bf5+ Qxf5 20. Nxf5 Bf8 21.
g4 Kd7 22. Rh5 Ke6 23. f3 Nd7 24. Ng3 Kf6 25. Kf2 Kg6 26. Rch1 Nf6 27. R5h3 c5
28. Nce2 c4 29. Nc3 a6 30. Nh5 Nxh5 31. Rxh5 b5 32. Ne2 a5 33. f4 f6 34. Ng3 a4
35. Ne2 a3 36. Rb1 axb2 37. Rxb2 b4 38. Ke1 Ra8 39. Nc1 Bd6 40. f5+ Kg7 41. Kf2
Ra3 42. Re2 Rc8 43. Re1 Kh7 44. Reh1 Bf8 45. R5h3 Rc3 46. Rg3 Rb8 47. Rgg1 Rc2+
48. Kf3 b3 49. axb3 cxb3 50. Nd3 b2 51. Rb1 Ba3 52. e4 Rb3 53. Rhd1 Rc1 54. Rxb2
Bxb2 0-1

[Event "56th Biel Master Open"]
[Site "Biel SUI"]
[Date "2023.07.26"]
[Round "9.36"]
[White "Monteverde, Jonathan"]
[Black "Ammar, Sedrani"]
[Result "1/2-1/2"]
[BlackTitle "FM"]
[WhiteElo "2074"]
[BlackElo "2154"]
[WhiteFideId "1314580"]
[BlackFideId "9312331"]
[EventDate "2023.07.17"]

1. d4 d5 2. c4 e6 3. Nc3 Nf6 4. cxd5 exd5 5. Bg5 Be7 6. e3 h6 7. Bh4 Bg4 8. f3
Be6 9. Nge2 O-O 10. Nf4 c5 11. Be2 Nc6 12. Bf2 cxd4 13. exd4 Bd6 14. Qd2 a6 15.
g4 Qc7 16. Be3 Rac8 17. h4 Nh7 18. Ncxd5 Bxd5 19. Nxd5 Bg3+ 20. Kf1 Qd8 21. Kg2
Bxh4 22. Rxh4 Qxh4 23. g5 Qh5 24. f4 Qg6 25. Bd3 Qe6 26. Nc3 Qg4+ 27. Kf2 Rcd8
28. Rh1 g6 29. Be2 Qd7 30. Rxh6 Nxd4 31. Ne4 Nxe2 32. Rxh7 Qe6 33. Nf6+ Qxf6 34.
gxf6 Rxd2 35. Rg7+ Kh8 36. Bxd2 Nd4 37. Bb4 Rc8 38. Bc3 Nb5 39. Be5 Rf8 40. a4
Na7 41. Bd4 Nc6 42. Bc5 Rd8 43. Rxf7 Rd5 44. Rc7 Nd8 45. Be7 Nf7 46. Rxb7 g5 47.
fxg5 Rxg5 48. b4 Kh7 49. a5 Kg6 50. Rb6 Rf5+ 51. Ke2 Ne5 52. Rxa6 Kf7 53. Rb6
Rf4 54. Rb7 Re4+ 55. Kd2 Rd4+ 56. Ke3 Rc4 57. Bd6+ Kxf6 58. Bxe5+ Kxe5 59. Kd3
Rh4 60. a6 Kd5 61. a7 Rh3+ 62. Ke2 Ra3 63. Rb5+ Kc6 64. Ra5 Rxa5 65. bxa5 Kb7
66. a8=Q+ Kxa8 67. a6 Ka7 68. Kd3 Kxa6 1/2-1/2

[Event "56th Biel Master Open"]
[Site "Biel SUI"]
[Date "2023.07.26"]
[Round "9.37"]
[White "Asllani, Dorian"]
[Black "Foerster-Yialamas, Lucas"]
[Result "1-0"]
[BlackTitle "CM"]
[WhiteElo "2272"]
[BlackElo "2157"]
[WhiteFideId "1341332"]
[BlackFideId "30901774"]
[EventDate "2023.07.17"]

1. d4 d5 2. c4 c6 3. Nc3 Nf6 4. e3 e6 5. Nf3 Nbd7 6. Bd3 dxc4 7. Bxc4 b5 8. Bd3
Bb7 9. O-O a6 10. e4 c5 11. d5 Qc7 12. dxe6 fxe6 13. Bc2 c4 14. Ng5 Qc6 15. Qf3
Ne5 16. Qh3 Bc8 17. Ne2 Bc5 18. Bf4 Nd3 19. e5 Ne4 20. Bxd3 cxd3 21. Qxd3 Nxg5
22. Bxg5 Bb7 23. Qg3 O-O 24. Nf4 Bd4 25. Rac1 Qe4 26. Rfe1 Qf5 27. Rc7 Rf7 28.
Rxf7 Kxf7 29. Rd1 h6 30. Ne2 Bxe5 31. Bf4 Bxf4 32. Nxf4 Rd8 33. Re1 g5 34. Ne2
Kg6 35. h4 1-0

[Event "56th Biel Master Open"]
[Site "Biel SUI"]
[Date "2023.07.26"]
[Round "9.38"]
[White "Ribiere, Damien"]
[Black "Gemelli, Romain"]
[Result "1-0"]
[WhiteElo "2213"]
[BlackElo "2122"]
[WhiteFideId "26041634"]
[BlackFideId "1336401"]
[EventDate "2023.07.17"]

1. e4 c5 2. Nc3 Nc6 3. Bb5 Nd4 4. Nf3 a6 5. Bd3 g6 6. O-O Bg7 7. Re1 d6 8. h3
Nf6 9. Nxd4 cxd4 10. Ne2 e5 11. c3 dxc3 12. dxc3 O-O 13. Ng3 Be6 14. Qe2 d5 15.
Bg5 h6 16. exd5 Bxd5 17. Be3 Qc7 18. f3 Rfe8 19. Bf2 Bc6 20. c4 b6 21. h4 h5 22.
Rad1 Bf8 23. Ne4 Nxe4 24. Bxe4 Bb4 25. Rf1 Bxe4 26. Qxe4 Rad8 27. Qe2 Bc5 28. b3
Rxd1 29. Rxd1 e4 30. fxe4 Bxf2+ 31. Qxf2 Qc6 32. Rf1 Re7 33. e5 Qe6 34. Qf6 Qxe5
35. Qxb6 Rd7 36. Qf6 Qe4 37. Qf2 f5 38. Re1 Qg4 39. Qc5 Qxh4 40. Qc8+ Rd8 41.
Qe6+ Kg7 42. Qe7+ Qxe7 43. Rxe7+ Kf6 44. Ra7 Rd1+ 45. Kh2 f4 46. Rxa6+ Kf5 47.
Ra5+ Kg4 48. c5 Rc1 49. b4 h4 50. b5 Rxc5 51. a4 Rc2 52. b6 f3 53. Rb5 f2 54.
Rb1 Rb2 55. Rxb2 f1=Q 56. Rb4+ Kg5 57. b7 h3 58. Rb2 Qf4+ 59. g3 Qb8 60. a5 Kg4
61. Rb4+ Kg5 62. a6 Qe5 63. Rf4 Qe2+ 64. Kxh3 Qh5+ 65. Kg2 Qe2+ 66. Rf2 Qe4+ 67.
Kh2 Qd4 68. Ra2 Qh8+ 69. Kg2 Qe5 70. Rf2 Qe4+ 71. Kh2 Qd4 72. Re2 Qd3 73. Rb2 1-0

[Event "56th Biel Master Open"]
[Site "Biel SUI"]
[Date "2023.07.26"]
[Round "9.42"]
[White "Ludwig, Peter"]
[Black "Hornung, Hans"]
[Result "0-1"]
[WhiteElo "2147"]
[BlackElo "2047"]
[WhiteFideId "4651359"]
[BlackFideId "4615140"]
[EventDate "2023.07.17"]

1. Nf3 Nf6 2. c4 d6 3. g3 g6 4. Bg2 Bg7 5. O-O O-O 6. Nc3 c6 7. Rb1 d5 8. cxd5
cxd5 9. d3 Nc6 10. b4 d4 11. Ne4 Nxe4 12. dxe4 Be6 13. b5 Na5 14. Qa4 Nc4 15.
Rd1 Rc8 16. Qxa7 Qb6 17. Qxb6 Nxb6 18. Nxd4 Bxa2 19. Rb2 Bc4 20. Be3 Na4 21. Rc2
e5 22. Bh3 exd4 23. Bxc8 Bb3 24. Rdc1 Bxc2 25. Rxc2 dxe3 26. Bxb7 Nc3 27. Bc6
exf2+ 28. Kxf2 Rb8 29. e5 Bxe5 30. Kg2 Nxb5 0-1

[Event "56th Biel Master Open"]
[Site "Biel SUI"]
[Date "2023.07.26"]
[Round "9.44"]
[White "Rotunno, Flavio"]
[Black "Stijve, Niels"]
[Result "1/2-1/2"]
[WhiteElo "2005"]
[BlackElo "2088"]
[WhiteFideId "1338528"]
[BlackFideId "1331124"]
[EventDate "2023.07.17"]

1. d4 Nf6 2. c4 g6 3. Nc3 d5 4. cxd5 Nxd5 5. Na4 e5 6. dxe5 Nc6 7. a3 Nxe5 8. e4
Nb6 9. Qxd8+ Kxd8 10. Nxb6 axb6 11. Bg5+ Be7 12. O-O-O+ Ke8 13. Bd2 Be6 14. Bc3
f6 15. Be2 Bb3 16. Rf1 b5 17. Bxb5+ c6 18. Be2 b5 19. Nf3 Nxf3 20. Bxf3 Ra6 1/2-1/2

[Event "56th Biel Master Open"]
[Site "Biel SUI"]
[Date "2023.07.26"]
[Round "9.45"]
[White "Malli, Suvirr"]
[Black "Giacomini, Hector"]
[Result "0-1"]
[WhiteElo "2094"]
[BlackElo "2126"]
[WhiteFideId "1341855"]
[BlackFideId "605352"]
[EventDate "2023.07.17"]

1. e4 c6 2. d4 d5 3. f3 dxe4 4. fxe4 e5 5. Nf3 exd4 6. Bc4 Nf6 7. O-O Nbd7 8. e5
Nd5 9. Bg5 Qb6 10. Bb3 Bc5 11. Kh1 O-O 12. Nbd2 Re8 13. Nc4 Qc7 14. Nd6 Bxd6 15.
exd6 Qxd6 16. Qxd4 Qc5 17. Rae1 Re6 18. Rxe6 fxe6 19. c4 Qxd4 20. Nxd4 Nc7 21.
Bd8 c5 22. Bxc7 cxd4 23. Rf4 Nf6 24. Rxd4 Bd7 25. Be5 Bc6 26. Bxf6 gxf6 27. Rd6
Re8 28. Kg1 Kg7 29. Kf2 Re7 30. c5 e5 31. Be6 a5 32. b3 Be8 33. Ke3 Rc7 34. Rb6
Bc6 35. g4 Kg6 36. Bc4 Kg5 37. Be2 h5 38. h3 hxg4 39. hxg4 Bd7 40. Bf3 Rxc5 41.
Rxb7 Rc3+ 42. Ke2 Rxf3 43. Rxd7 Kxg4 44. Ra7 e4 45. Rxa5 f5 46. b4 Rh3 47. b5
Kf4 48. Ra8 Rh2+ 49. Kd1 e3 50. a4 Kf3 51. Re8 Rb2 52. Kc1 Rb4 53. Re5 f4 54. a5
e2 55. Kd2 Rb2+ 56. Ke1 Rb1+ 57. Kd2 Rd1+ 58. Kc2 Rd5 59. Re7 Rxb5 60. a6 Ra5
61. a7 Rxa7 62. Re8 Kf2 63. Kd2 Rd7+ 64. Kc2 e1=Q 0-1

[Event "56th Biel Master Open"]
[Site "Biel SUI"]
[Date "2023.07.27"]
[Round "10.5"]
[White "Pranav, Anand"]
[Black "Samadov, Read"]
[Result "0-1"]
[WhiteTitle "GM"]
[BlackTitle "IM"]
[WhiteElo "2510"]
[BlackElo "2482"]
[WhiteFideId "46626786"]
[BlackFideId "13417444"]
[EventDate "2023.07.17"]

1. e4 c5 2. Nf3 d6 3. d4 cxd4 4. Nxd4 Nf6 5. Nc3 a6 6. h3 e5 7. Nf3 Be7 8. g4 h6
9. Rg1 g5 10. Nd2 Nbd7 11. Nc4 Nc5 12. Bg2 Be6 13. Ne3 Rc8 14. Nf5 Qb6 15. a3
Qc6 16. Nd5 Bxf5 17. exf5 e4 18. Nxe7 Kxe7 19. h4 gxh4 20. g5 hxg5 21. Bxg5 Nd7
22. c3 h3 23. Bh1 Rcg8 24. Qd2 Kd8 25. O-O-O Kc8 26. Kb1 Qc5 27. Bf4 Rxg1 28.
Rxg1 Ne5 29. Rg7 h2 30. Bxe5 Qxe5 31. Rxf7 Rg8 32. Qh6 Rg1+ 33. Kc2 Ne8 34. Rf8
Rxh1 35. f6 Kc7 36. f7 Qd5 37. Qd2 Qd3+ 38. Qxd3 exd3+ 39. Kb3 Re1 40. Rxe8 h1=Q
41. f8=Q Rxe8 42. Qxe8 Qd1+ 43. Kc4 Qe2 44. Qf7+ Kb6 0-1